00738nam a2200181 a 450000500170000000800410001702000180005805000240007610000240010024500740012425000130019826000360021130000210024752002420026852100080051065000150051870000230053320140310183606.0120627s19uu xx 00 eng d a9780136029441 aHF 5635b.B835 2010 aBreitner, Leslie K. aCore concepts of accounting /cLeslie K. Breitner, Robert N. Anthony. a10th ed. aBoston :bPrentice Hall,c2010. a192 p. :c24 cm. aFor courses in Introductory Accounting This book is intended primarily for those who are studying, or who have completed, the programmed text Essentials of Accounting, 10/e. It contains the complete text of every point made in that book. aBSA aAccounting aAnthony, Robert N.